| 000 | nam a22 a 4500 | ||
|---|---|---|---|
| 999 |
_c3881 _d3881 |
||
| 005 | 20170524115345.0 | ||
| 008 | 170524b1971 ||||| |||| 00| 0 eng d | ||
| 020 | _a0804707588 | ||
| 040 | _aAKMAL | ||
| 082 | _a900 JOH | ||
| 090 |
_a900 _bJOH |
||
| 100 |
_aJOHNSON, Allen Willard. _97661 |
||
| 245 | _aSharecroppers of the Sertão. Economics and dependence on a Brazilian plantation. | ||
| 260 |
_aStanford: Stanford University Press _c1971 |
||
| 300 |
_app. 153: plates; illus., maps. 23 cm. bibl. pp. 145-149. _ccm |
||
| 942 |
_2ddc _cBOOK |
||